Países con la Tasa de Obesidad más Alta - Estadísticas

Estadísticas generales
  • Esta prueba ha sido intentada 61 veces
  • La puntuación promedio es 7 de 20
Estadísticas de respuestas
% País % Correcto
42.0 Estados Unidos
98%
69.9 Nauru
48%
64.2 Tuvalu
45%
47.1 Estados Federados de Micronesia
38%
62.4 Samoa
38%
45.9 Islas Marshall
36%
46.3 Kiribati
36%
38.9 Chile
34%
41.1 Palaos
34%
43.1 Catar
30%
71.7 Tonga
30%
47.3 Bahamas
25%
38.0 Barbados
25%
40.5 Irak
25%
40.6 Arabia Saudita
23%
44.3 Egipto
20%
41.4 Kuwait
20%
45.6 San Cristóbal y Nieves
20%
42.3 Belice
16%
38.5 Jordania
14%
No se encontraron pruebas coincidentes
Distribución de puntuación
Porcentaje de gente con cada puntuación
Porcentaje por número respondido
Historial de tus puntuaciones
No has intentado esta prueba.